00636cam a2200193 450008200140000010000130001424500830002726000430011030000870015349000530024065000120029365000120030565000150031765000150033265000230034765000290037070000260039970000170042500a540.1 WOL1 aWolf, A.02aA history of science, technology, and philosophy in the 16th & 17th centuries, aLondon,bG. Allen & Unwin ltd.c[1935] a4 p. l., [xi]-xxvii, 692 p., 1 l.billus. (incl. facsims.) plates, ports., diagrs.0 aHistory of science library, ed. by Prof. A. Wolf 0aScience 0aScience 0aTechnology 0aTechnology 0aPhilosophy, Modern 0aPhilosophy, Renaissance.1 aDannemann, Friedrich,1 aArmitage, A.